[Event "Sao Paulo ECP op 5th"]
[Site "Sao Paulo"]
[Date "2019.11.29"]
[Round "2"]
[White "Correia da Silva, Gabriel Medeiros"]
[Black "Costa, Iaggo Bernini"]
[Result "0-1"]
[WhiteElo "1211"]
[BlackElo "1562"]
[PlyCount "46"]
[EventDate "2019.11.29"]
[EventType "swiss"]
[EventRounds "6"]
[EventCountry "BRA"]
[SourceTitle "CBM 193 Extra"]
[Source "ChessBase"]
[SourceDate "2020.01.31"]
[SourceVersion "1"]
[SourceVersionDate "2020.01.31"]
[SourceQuality "1"]

1. e4 e5 2. Nf3 Nf6 3. Nc3 Bb4 4. Nxe5 Bxc3 5. dxc3 Qe7 6. Bf4 Nxe4 7. Bd3 Nc5 8. 0-0 0-0 9. Qh5 Nxd3 10. cxd3 d6 11. Bg5 Qxe5 12. Rfe1 Qf5 13. Re7 h6 14. g4 Qxg5 15. Qxg5 hxg5 16. f3 Na6 17. Rae1 Be6 18. a3 Rfe8 19. Rxe8+ Rxe8 20. Re4 Nc5 21. Rb4 Bd5 22. a4 Nxd3 23. Rxb7 Bxb7 0-1

[Event "American Continental 15th"]
[Site "Sao Paulo"]
[Date "2019.07.09"]
[Round "6"]
[White "Costa, Iaggo Bernini"]
[Black "Cordioli, Jairo Ribeiro"]
[Result "1-0"]
[WhiteElo "1507"]
[BlackElo "1871"]
[PlyCount "90"]
[EventDate "2019.07.05"]
[EventType "swiss"]
[EventRounds "11"]
[EventCountry "BRA"]
[SourceTitle "CBM 191 Extra"]
[Source "ChessBase"]
[SourceDate "2019.09.30"]
[SourceVersion "1"]
[SourceVersionDate "2019.09.30"]
[SourceQuality "1"]

1. e4 c5 2. Nf3 d6 3. d4 cxd4 4. Nxd4 Nf6 5. f3 e5 6. Bb5+ Bd7 7. Bxd7+ Qxd7 8. Nf5 Nc6 9. Bg5 h6 10. Bxf6 gxf6 11. Nc3 0-0-0 12. Qd2 Ne7 13. Nxe7+ Bxe7 14. Nd5 f5 15. Qa5 Kb8 16. 0-0-0 Bg5+ 17. Kb1 fxe4 18. fxe4 f5 19. exf5 Qxf5 20. Qc7+ Ka8 21. Rhf1 Qc8 22. Qa5 Kb8 23. Rd3 Rhf8 24. Rfd1 e4 25. Ra3 a6 26. Qb6 Qc6 27. Qd4 Rfe8 28. Rc3 Qd7 29. Rc7 Qb5 30. a4 Qc5 31. b4 Qxc7 32. Nxc7 Kxc7 33. b5 axb5 34. axb5 e3 35. b6+ Kb8 36. Qa4 e2 37. Qa7+ Kc8 38. Qa8+ Kd7 39. Qxb7+ Ke6 40. Re1 Kf5 41. Qf3+ Kg6 42. Rxe2 Rxe2 43. Qxe2 Kf7 44. b7 d5 45. Qb5 Bf4 1-0

[Event "Sao Paulo STD Gansl op"]
[Site "Sao Paulo"]
[Date "2019.05.25"]
[Round "3"]
[White "Costa, Iaggo Bernini"]
[Black "Corbisier, Luis Augusto Ackerm"]
[Result "1-0"]
[WhiteElo "1516"]
[BlackElo "1611"]
[PlyCount "87"]
[EventDate "2019.05.24"]
[EventType "swiss"]
[EventRounds "6"]
[EventCountry "BRA"]
[SourceTitle "CBM 190 Extra"]
[Source "ChessBase"]
[SourceDate "2019.07.15"]
[SourceVersion "1"]
[SourceVersionDate "2019.07.15"]
[SourceQuality "1"]

1. e4 e5 2. Nf3 d6 3. Bc4 Nf6 4. Ng5 Be6 5. Bxe6 fxe6 6. Nxe6 Qe7 7. Nxf8 Rxf8 8. Nc3 Nc6 9. 0-0 0-0-0 10. d3 Nd4 11. Be3 Kb8 12. a4 h5 13. Nb5 c5 14. Nxd4 cxd4 15. Bg5 d5 16. Qxh5 dxe4 17. dxe4 Rh8 18. Qe2 Qe6 19. Rfd1 Rdf8 20. Bxf6 gxf6 21. Rd3 Rfg8 22. Rg3 Rc8 23. c3 dxc3 24. Rxc3 Rxc3 25. bxc3 Qb3 26. Qd3 Kc7 27. h3 Rd8 28. Qe3 Rd1+ 29. Rxd1 Qxd1+ 30. Kh2 Qxa4 31. Qc5+ Qc6 32. Qe7+ Kb6 33. Qb4+ Qb5 34. h4 a5 35. Qxb5+ Kxb5 36. h5 a4 37. h6 a3 38. h7 a2 39. h8Q a1Q 40. Qe8+ Kc4 41. Qc8+ Kd3 42. Qxb7 Qxc3 43. Qd5+ Qd4 44. f3 1-0

[Event "Sao Paulo Haroldo Salles op"]
[Site "Sao Paulo"]
[Date "2019.05.10"]
[Round "4.20"]
[White "Nobetani, Rodrigo Massato"]
[Black "Costa, Iaggo Bernini"]
[Result "0-1"]
[WhiteElo "1767"]
[BlackElo "1516"]
[PlyCount "82"]
[EventDate "2019.05.09"]
[EventType "swiss"]
[EventRounds "6"]
[EventCountry "BRA"]
[SourceTitle "EXT 2022"]
[Source "ChessBase"]
[SourceDate "2021.10.06"]
[SourceVersion "1"]
[SourceVersionDate "2021.10.06"]
[SourceQuality "1"]

1. e4 e5 2. Nf3 Nf6 3. Nc3 Bb4 4. a3 Bxc3 5. bxc3 Nxe4 6. Qe2 d5 7. Nxe5 Qf6 8. Nd3 0-0 9. Bb2 Nc6 10. f3 Nd6 11. 0-0-0 Nc4 12. Qf2 Nxb2 13. Nxb2 Qd6 14. d4 Qxa3 15. Bd3 Qa1+ 16. Kd2 Qxb2 17. Bxh7+ Kxh7 18. Qh4+ Kg8 19. g4 Nxd4 20. cxd4 Qxd4+ 21. Kc1 Qe3+ 22. Kb1 Qxf3 23. Rhg1 Be6 24. Rdf1 Qa3 25. Rg3 Qb4+ 26. Rb3 Qxg4 27. Qxg4 Bxg4 28. Rg3 f5 29. h3 Bh5 30. Rfg1 g6 31. Re1 Rfe8 32. Rge3 Rxe3 33. Rxe3 c5 34. Re5 Bf3 35. Re6 Kf7 36. Re3 Be4 37. h4 a5 38. Rb3 d4 39. Rb5 d3 40. Rxc5 d2 41. Rc7+ Ke6 0-1

[Event "Sao Paulo-chT"]
[Site "Sao Paulo"]
[Date "2019.03.09"]
[Round "6.2"]
[White "Viana da Costa, Fernando"]
[Black "Costa, Iaggo Bernini"]
[Result "1-0"]
[WhiteElo "2265"]
[BlackElo "1516"]
[PlyCount "49"]
[EventDate "2019.02.23"]
[EventType "team-tourn"]
[EventRounds "7"]
[EventCountry "BRA"]
[SourceTitle "CBM 189 Extra"]
[Source "ChessBase"]
[SourceDate "2019.06.03"]
[SourceVersion "1"]
[SourceVersionDate "2019.06.03"]
[SourceQuality "1"]
[WhiteTeam "Hebraica"]
[BlackTeam "Sao Jose Medicina"]
[WhiteTeamCountry "BRA"]
[BlackTeamCountry "BRA"]

1. e4 e5 2. Nf3 Nf6 3. Nxe5 d6 4. Nf3 Nxe4 5. Nc3 Nf6 6. d4 Nc6 7. d5 Ne5 8. Nd4 Qe7 9. Be2 g6 10. Bf4 Bg7 11. 0-0 0-0 12. Qd2 Re8 13. Rfe1 Ned7 14. Ndb5 Nc5 15. Bf3 Qd8 16. Rxe8+ Nxe8 17. Re1 Bd7 18. b4 Na6 19. a3 Qf6 20. Ne4 Qb2 21. c4 Bxb5 22. cxb5 Nb8 23. Nc3 Bxc3 24. Rxe8+ Kg7 25. Bh6+ 1-0

[Event "Sao Bernardo do Campo op"]
[Site "Sao Bernardo do Campo"]
[Date "2018.12.08"]
[Round "3"]
[White "Costa, Iaggo Bernini"]
[Black "Gerbelli Neto, Eduardo"]
[Result "0-1"]
[WhiteElo "1445"]
[BlackElo "2124"]
[PlyCount "116"]
[EventDate "2018.12.07"]
[EventType "swiss"]
[EventRounds "5"]
[EventCountry "BRA"]
[SourceTitle "EXT 2021"]
[Source "ChessBase"]
[SourceDate "2020.10.23"]
[SourceVersion "1"]
[SourceVersionDate "2020.10.23"]
[SourceQuality "1"]

1. e4 e5 2. Nf3 Nc6 3. Bc4 Nf6 4. d3 Bc5 5. 0-0 d6 6. c3 Bb6 7. h3 0-0 8. a3 h6 9. Re1 Ne7 10. d4 exd4 11. cxd4 d5 12. e5 Nh7 13. Bb3 Re8 14. Nc3 c6 15. Na4 Bc7 16. Nc5 Nf8 17. Bf4 b6 18. Nd3 Bf5 19. Rc1 Ne6 20. Be3 Rc8 21. Nb4 Qd7 22. Nh4 Bh7 23. Qg4 Kh8 24. Bc2 Bd8 25. Bxh7 Kxh7 26. f4 c5 27. dxc5 bxc5 28. f5 cxb4 29. fxe6 Qxe6 30. Qxb4 Nc6 31. Qa4 Bxh4 32. Qxh4 Nxe5 33. Bxa7 Rxc1 34. Rxc1 Nd3 35. Rc2 Qg6 36. Rd2 Re1+ 37. Kh2 Qd6+ 38. g3 Qe5 39. Qg4 Qe4 40. Qxe4+ dxe4 41. b4 Ra1 42. Re2 Rxa3 43. Bc5 f5 44. g4 g6 45. gxf5 gxf5 46. Bd6 Kg6 47. Re3 Rb3 48. Kg3 Rb2 49. Kh4 Nxb4 50. Rg3+ Kf6 51. Bc5 Rb1 52. Kh5 f4 53. Rg6+ Kf5 54. Rxh6 Nd5 55. Rg6 Nf6+ 56. Kh6 Rb7 57. Rg5+ Ke6 58. Rg6 Rh7+ 0-1

[Event "Sao Bernardo do Campo LXSBC"]
[Site "Sao Bernardo do Campo"]
[Date "2018.11.25"]
[Round "5.9"]
[White "Costa, Iaggo Bernini"]
[Black "Carneiro Filho, Vicente"]
[Result "1-0"]
[WhiteElo "1479"]
[BlackElo "1419"]
[PlyCount "85"]
[EventDate "2018.11.23"]
[EventType "swiss"]
[EventRounds "5"]
[EventCountry "BRA"]
[SourceTitle "EXT 2022"]
[Source "ChessBase"]
[SourceDate "2021.10.06"]
[SourceVersion "1"]
[SourceVersionDate "2021.10.06"]
[SourceQuality "1"]

1. e4 e6 2. d3 d5 3. Nd2 c5 4. g3 Nf6 5. Bg2 Nc6 6. Qe2 dxe4 7. Nxe4 Nd4 8. Qd1 Be7 9. Nc3 e5 10. Nf3 Bg4 11. h3 Bxf3 12. Bxf3 Rb8 13. Bg2 0-0 14. 0-0 b5 15. Re1 Bd6 16. Bg5 h6 17. Bd2 Bc7 18. Ne4 Nxe4 19. Rxe4 f5 20. Rh4 Qf6 21. Bd5+ Kh7 22. c3 g5 23. Rh5 Ne6 24. h4 f4 25. Bxe6 Qxe6 26. hxg5 Kg8 27. Rxh6 Qf7 28. gxf4 exf4 29. Qg4 Qg7 30. Qe6+ Qf7 31. Rg6+ Kh7 32. Rh6+ Kg8 33. Qh3 Qg7 34. Qh5 Rf5 35. Rg6 Bd8 36. Rxg7+ Kxg7 37. Qh6+ Kf7 38. g6+ Ke7 39. Re1+ Kd7 40. Qh7+ Kc6 41. g7 Rg5+ 42. Kf1 Bf6 43. Re6+ 1-0

[Event "Sao Paulo Salles Cup 12th"]
[Site "Sao Paulo"]
[Date "2018.04.21"]
[Round "4"]
[White "Barros, Roberto Viana Do Re"]
[Black "Costa, Iaggo Bernini"]
[Result "0-1"]
[WhiteElo "1290"]
[BlackElo "1474"]
[PlyCount "58"]
[EventDate "2018.04.20"]
[EventType "swiss"]
[EventRounds "6"]
[EventCountry "BRA"]
[SourceTitle "CBM 184 Extra"]
[Source "ChessBase"]
[SourceDate "2018.06.28"]
[SourceVersion "1"]
[SourceVersionDate "2018.06.28"]
[SourceQuality "1"]

1. d4 Nf6 2. Nf3 g6 3. Bf4 Bg7 4. e3 0-0 5. Be2 d6 6. h3 Nbd7 7. Nbd2 c5 8. c3 Qb6 9. Qb3 cxd4 10. cxd4 Qc7 11. 0-0 Nb6 12. Rfc1 Qd8 13. Bc4 Nxc4 14. Rxc4 Be6 15. Qxb7 Bxc4 16. Nxc4 Qc8 17. Qb3 Rb8 18. Qd3 Qa6 19. Qf1 Rfc8 20. b3 Nd5 21. Nxd6 Qxf1+ 22. Kxf1 exd6 23. Bxd6 Rb6 24. Bh2 Rbc6 25. Ke2 Rc2+ 26. Nd2 Rb2 27. a4 Rcc2 28. Rd1 Nc3+ 29. Kd3 Nxd1 0-1

[Event "Pocos de Caldas op"]
[Site "Pocos de Caldas"]
[Date "2018.03.04"]
[Round "5"]
[White "Costa, Iaggo Bernini"]
[Black "Salim, Joao Pedro Miranda"]
[Result "1-0"]
[WhiteElo "1474"]
[BlackElo "1748"]
[PlyCount "47"]
[EventDate "2018.03.02"]
[EventType "swiss"]
[EventRounds "6"]
[EventCountry "BRA"]
[SourceTitle "CBM 183 Extra"]
[Source "ChessBase"]
[SourceDate "2018.04.19"]
[SourceVersion "1"]
[SourceVersionDate "2018.04.19"]
[SourceQuality "1"]

1. e4 c5 2. Nf3 Nc6 3. d4 cxd4 4. Nxd4 Nf6 5. Nc3 e5 6. Nxc6 bxc6 7. a3 Bb7 8. Bc4 d5 9. exd5 cxd5 10. Bb5+ Nd7 11. Nxd5 Be7 12. 0-0 0-0 13. Nxe7+ Qxe7 14. Qxd7 Qxd7 15. Bxd7 Rad8 16. Bb5 Rd6 17. Be3 Rg6 18. g3 a6 19. Ba4 f5 20. f4 exf4 21. Bxf4 Rgf6 22. Rad1 h5 23. Bb3+ Kh8 24. Rfe1 1-0

[Event "Hebraica op 25th"]
[Site "Hebraica"]
[Date "2018.01.13"]
[Round "4"]
[White "Costa, Iaggo Bernini"]
[Black "Vieira, Alexandre Letizio"]
[Result "0-1"]
[WhiteElo "1447"]
[BlackElo "1834"]
[PlyCount "44"]
[EventDate "2018.01.12"]
[EventType "swiss"]
[EventRounds "6"]
[EventCountry "BRA"]
[SourceTitle "CBM 182 Extra"]
[Source "ChessBase"]
[SourceDate "2018.02.23"]
[SourceVersion "1"]
[SourceVersionDate "2018.02.23"]
[SourceQuality "1"]

1. e4 Nf6 2. e5 Nd5 3. Nf3 d6 4. Bc4 Nb6 5. Bb3 c5 6. d3 d5 7. a3 Bg4 8. 0-0 Nc6 9. Re1 e6 10. c3 Be7 11. d4 0-0 12. Bc2 cxd4 13. cxd4 Bxf3 14. gxf3 Re8 15. Qd3 g6 16. Kh1 Rc8 17. Be3 Nc4 18. b3 Nxe3 19. Qxe3 Nxe5 20. dxe5 Rxc2 21. Qxa7 Bc5 22. Qxb7 Bd4 0-1